Ley 160 de 1994 (Registro nro. 20676)

Detalles MARC
000 -CABECERA
Campo de control 00666nam a22001937a 4500
005 - FECHA Y HORA DE LA ULTIMA TRANSACCION
Campo de control 20191230104001.0
008 - ELEMENTOS DE LONGITUD FIJA—INFORMACION GENERAL
Campo de control 191230b xxu||||| |||| 00| 0 spa d
040 ## - FUENTE DE CATALOGACIÓN
Agencia catalogadora original CO-BoIAVH
Agencia transcriptora CO-BoIAVH
041 ## - IDIOMA
Código de idioma para texto/pista de sonido o título separado Español
044 ## - PAÍS DE PUBLICACIÓN
País de publicación Colombia
082 ## - NUMERO DE CLASIFICACION DECIMAL DEWEY
Número de clasificación 333.31
Número del ítem C71l
110 ## - ASIENTO PRINCIPAL--NOMBRE CORPORATIVO
Nombre corporativo o de jurisdicción como elemento de entrada Ministerio de Agricultura y Desarrollo Rural
9 (RLIN) 102204
245 ## - MENCION DE TITULO
Título Ley 160 de 1994
Parte restante del título Nueva ley de reforma agraria
Mención de responsabilidad Ministerio de Agricultura y Desarrollo Rural
260 ## - PUBLICACION, DISTRIBUCION, ETC. (PIE DE IMPRENTA)
Lugar de publicación, distribución, etc. Bogotá,
Nombre del editor, distribuidor, etc. Taller creativo presidencia,
Fecha de publicación, distribución, etc. 1994.
300 ## - DESCRIPCION FISICA
Extensión 59 páginas
Dimensiones 28 x 21.5 cm
650 #0 - ASIENTO SECUNDARIO DE MATERIA - TERMINO TEMATICO
9 (RLIN) 18954
Término temático o nombre geográfico como elemento de entrada Reforma agraria
Subdivisión general Legislación
Subdivisión geográfica Colombia
650 #0 - ASIENTO SECUNDARIO DE MATERIA - TERMINO TEMATICO
9 (RLIN) 6391
Término temático o nombre geográfico como elemento de entrada Desarrollo rural
Subdivisión geográfica Colombia.
942 ## - ELEMENTOS ADICIONALES (KOHA)
Sistema de clasificación Dewey Decimal Classification
Tipo de ítem Libro
Existencias
Withdrawn status Lost status Sistema de Clasificación Damaged status No para préstamo Colección Ubicación Permanente Ubicación actual Fecha de adquisición Total Checkouts Número topográfico Inventario / Código de Barras Date last seen Ejemplar Price effective from Forma de adquisición Tipo de material
    Dewey Decimal Classification     General Bogotá Bogotá 30/12/2019   LB-333.31 C71l 043956 30/12/2019 Ej. 1 30/12/2019 Donación Libro